| 000 | 00558nam a2200181 a 4500 | ||
|---|---|---|---|
| 001 | 1974 | ||
| 005 | 20140414131901.0 | ||
| 008 | 041223s19uu xx 00 eng d | ||
| 020 | _a0-590-84902-6 | ||
| 050 |
_aFIC _bD12 1996 |
||
| 100 | _aDadey, Debbie | ||
| 245 |
_aAngel's don't know karate / _cby Debbie Dadey and Marcia Thornton Jones ; illustrated by Steven Gurney. |
||
| 260 |
_aNew York : _bScholastic, _c1996. |
||
| 300 | _a67 p. ; cm. | ||
| 440 | _aThe Adventures of the Bailey School Kids, #23 | ||
| 650 |
_aKarate _xFiction. |
||
| 999 |
_c110676 _d110676 |
||